[Event "EU-ch Seniors 65 17th"]
[Site "Sabadell"]
[Date "2017.08.16"]
[Round "5"]
[White "Halldorsson, Bragi"]
[Black "Gorzeltsen, Edward"]
[Result "1-0"]
[WhiteElo "2116"]
[BlackElo "1885"]
[PlyCount "67"]
[EventDate "2017.08.12"]
[EventType "swiss"]
[EventRounds "9"]
[EventCountry "ESP"]
[SourceTitle "CBM 180 Extra"]
[Source "ChessBase"]
[SourceDate "2017.10.06"]
[SourceVersion "1"]
[SourceVersionDate "2017.10.06"]
[SourceQuality "1"]

1. d4 d5 2. c4 Nf6 3. Nc3 e6 4. Bg5 Be7 5. e3 0-0 6. Nf3 b6 7. Qc2 Bb7 8. Bxf6 Bxf6 9. Bd3 h6 10. cxd5 exd5 11. 0-0 Re8 12. Rac1 c6 13. Rfd1 Na6 14. a3 Nc7 15. Ne2 Ne6 16. Ng3 Ng5 17. Ne1 Rc8 18. Qe2 Bxd4 19. Bf5 Bxe3 20. fxe3 Rc7 21. h4 Nh7 22. Nf3 Nf6 23. b4 c5 24. bxc5 bxc5 25. Nf1 Qe7 26. Qb5 g6 27. Bd3 c4 28. Qa5 Rec8 29. Bc2 a6 30. Qc3 Re8 31. Rd4 h5 32. Rf4 Ng4 33. Re1 Rc6 34. Ba4 1-0